000 00335nam a2200145Ia 4500
008 150201s2005 xx 000 0 und d
082 _a610.73
_bF2005P
100 _aPOTTER,PATRICIA
245 _aFUNDAMENTALS OF NURSING
250 _a6TH
260 _bMOSBY
_aDELHI
_c2005
300 _a1-1730
650 _aNURSING
942 _2ddc
_cBK
999 _c4017
_d4017